ბათუმის შოთა რუსთაველის სახელმწიფო უნივერსიტეტის ბიბლიოთეკა

შენობის გათბობისა და ვენტილაციის პროექტირების საფუძვლები : (ბიბ.ჩანაწერი № 63653)

000 -ლიდერი
ფიქსირებული სიგრძის საკონტროლო ველი 01981nam a22002297a 4500
003 - საკონტროლო ნომრის იდენტიფიკატორი
საკონტროლო ველი Ge_BSU
005 - ბოლო ოპერაციის თარიღი და დრო
საკონტროლო ველი 20251124151051.0
008 - ფიქსირებული სიგრძის მონაცემთა ელემენტები - ზოგადი ინფორმაცია
ფიქსირებული სიგრძის საკონტროლო ველი 251124s2025 ge ||||| |||| 00| 0 geo d
020 ## - წიგნის საერთაშორისო სტანდარტული ნომერი
International Standard Book Number 9789941519031
041 ## - ენის კოდი
Language code of text/sound track or separate title geo
080 ## - უნივერსალური ათობითი კლასიფიკაციის ინდექსი
Universal Decimal Classification number 697.1(075.8) შ-49
245 ## - ცნობა სათაურის შესახებ
Title შენობის გათბობისა და ვენტილაციის პროექტირების საფუძვლები :
Remainder of title დამხმარე სახელმძღვანელო პროექტის დაგეგმარებისათვის სამოქალაქო შენობის გათბობა და ვენტილაციაში /
Statement of responsibility, etc ავტორები : ზურაბ მეგრელიშვილი, გიზო ფარცხალაძე, კონსტანტინე მეგრელიშვილი, ბორის ხუციშვილი; რედ.გ. ყიფიანი; ბათუმის შოთა რუსთაველის სახ. უნივერსიტეტი. ტექნოლოგიური ფაკულტეტი
264 ## - წარმოების, გამოცემის, დისტრიბუციის და სხვა ცნობები
გამოცემის, წარმოების, დისტრიბუციის... ადგილი ბათუმი :
გამოცემის, წარმოების, დისტრიბუციის... სახელწოდება ბსუ,
გამოცემის, წარმოების, დისტრიბუციის... თარიღი 2025.
300 ## - ფიზიკური აღწერა
Extent 117 გვ.
Other physical details ცხრ.,
Dimensions +18 პროეტი
700 ## - ADDED ENTRY--PERSONAL NAME
Personal name მეგრელიშვილი, ზურაბ
Relator term ავტორი
9 (RLIN) 12651
700 ## - ADDED ENTRY--PERSONAL NAME
Personal name ფარცხალაძე, გიზო
Relator term ავტორი
9 (RLIN) 1753
700 ## - ADDED ENTRY--PERSONAL NAME
Personal name მეგრელიშვილი, კონსტანტინე
Relator term ავტორი
9 (RLIN) 11654
700 ## - ADDED ENTRY--PERSONAL NAME
Personal name ხუციშვილი, ბორის
Relator term ავტორი
9 (RLIN) 26307
700 ## - ADDED ENTRY--PERSONAL NAME
Personal name ყიფიანი, გ.
Relator term რედაქტორი
9 (RLIN) 26308
710 ## - ADDED ENTRY--CORPORATE NAME
Corporate name or jurisdiction name as entry element ბათუმის შოთა რუსთაველის სახ. უნივერსიტეტი
Subordinate unit ტექნოლოგიური ფაკულტეტი
9 (RLIN) 26309
942 ## - ADDED ENTRY ELEMENTS (KOHA)
Source of classification or shelving scheme
Koha item type წიგნი
ეგზემპლარები
ჩამოწერის სტატუსი დაკარგული ეგზემპლარის სტატუსი კლასიფიკაციის წყარო ან თაროზე გაწყობის სქემა დაზიანების სტატუსი არ გაიცემა მუდმივი მდებარეობა (დაცვის ადგილი) ამჟამინდელი ადგილსამყოფელი თაროზე განთავსების ადგილი შეძენის თარიღი ღირებულება, შესყიდვის ნორმალური ფასი სრული შენახვის შიფრი შტრიხკოდი ბოლო ოპერაციის თარიღი ეგზემპლარის მიმდევრობითი ნომერი (კეტერი?) ფასის ძალაში შესვლის თარიღი ეგზემპლარის სახეობა საჯარო შენიშვნა
          ბათუმის შოთა რუსთაველის სახელმწიფო უნივერსიტეტის მთავარი ბიბლიოთეკა ბათუმის შოთა რუსთაველის სახელმწიფო უნივერსიტეტის მთავარი ბიბლიოთეკა წიგნსაცავი 2025-11-24 8.00 697.1(075.8) შ-49 73155 2025-11-24 73155 2025-11-24 წიგნი 8 ლ.
          ბათუმის შოთა რუსთაველის სახელმწიფო უნივერსიტეტის მთავარი ბიბლიოთეკა ბათუმის შოთა რუსთაველის სახელმწიფო უნივერსიტეტის მთავარი ბიბლიოთეკა წიგნსაცავი 2025-11-24 8.00 697.1(075.8) შ-49 73156 2025-11-24 73156 2025-11-24 წიგნი 8 ლ.
          ტექნოლოგიური ფაკულტეტის ბიბლიოთეკა ტექნოლოგიური ფაკულტეტის ბიბლიოთეკა წიგნსაცავი 2025-11-24 8.00 697.1(075.8) შ-49 73157 2025-11-24 73157 2025-11-24 წიგნი 8 ლ.
          ტექნოლოგიური ფაკულტეტის ბიბლიოთეკა ტექნოლოგიური ფაკულტეტის ბიბლიოთეკა წიგნსაცავი 2025-11-24 8.00 697.1(075.8) შ-49 73158 2025-11-24 73158 2025-11-24 წიგნი 8 ლ.
          ტექნოლოგიური ფაკულტეტის ბიბლიოთეკა ტექნოლოგიური ფაკულტეტის ბიბლიოთეკა წიგნსაცავი 2025-11-24 8.00 697.1(075.8) შ-49 73159 2025-11-24 73159 2025-11-24 წიგნი 8 ლ.
          ტექნოლოგიური ფაკულტეტის ბიბლიოთეკა ტექნოლოგიური ფაკულტეტის ბიბლიოთეკა წიგნსაცავი 2025-11-24 8.00 697.1(075.8) შ-49 73160 2025-11-24 73160 2025-11-24 წიგნი 8 ლ.
          ტექნოლოგიური ფაკულტეტის ბიბლიოთეკა ტექნოლოგიური ფაკულტეტის ბიბლიოთეკა წიგნსაცავი 2025-11-24 8.00 697.1(075.8) შ-49 73161 2025-11-24 73161 2025-11-24 წიგნი 8 ლ.
          ტექნოლოგიური ფაკულტეტის ბიბლიოთეკა ტექნოლოგიური ფაკულტეტის ბიბლიოთეკა წიგნსაცავი 2025-11-24 8.00 697.1(075.8) შ-49 73162 2025-11-24 73162 2025-11-24 წიგნი 8 ლ.
          ტექნოლოგიური ფაკულტეტის ბიბლიოთეკა ტექნოლოგიური ფაკულტეტის ბიბლიოთეკა წიგნსაცავი 2025-11-25 8.00 697.1(075.8) შ-49 73163 2025-11-25 73163 2025-11-25 წიგნი 8.00